| 000 | 00673nam a2200217Ia 4500 | ||
|---|---|---|---|
| 003 | GCL | ||
| 008 | 140319s9999 xx 000 0 ara d | ||
| 040 |
_aGCL / _cGCL |
||
| 082 | 0 | 4 |
_a811.01 _bا م |
| 100 | 1 | _aاميل ناصيف | |
| 245 | 1 | 0 |
_aمجنون ليلى / _cاميل ناصيف |
| 260 |
_a[S.N] : _bجروس برس ، _c1992 |
||
| 300 | _a126 ص | ||
| 490 |
_aسلسلة العشاق العرب: أحلى قصصهم وأجمل أشعارهم _v0 |
||
| 650 | 0 | 4 | _aالشعر العربى |
| 650 | 0 | 4 | _aدواوين وقصائد |
| 650 | 0 | 4 | _aالشعر العاطفى |
| 650 | 0 | 4 | _aالحب |
| 650 | 0 | 4 | _aالشعر الرومانسى |
| 942 |
_2ddc _cBK |
||
| 999 |
_c55863 _d55863 |
||